Ensayo de tipología política de América Latina
Gespeichert in:
| Körperschaft: | |
|---|---|
| Format: | Buch |
| Sprache: | Spanisch |
| Veröffentlicht: |
Santiago
Centro de Investigaciones y Acción Social
1960
|
| Schlagworte: | |
| Tags: |
Tag hinzufügen
Keine Tags, Fügen Sie den ersten Tag hinzu!
|
MARC
| LEADER | 00000nam a2200000 a 4500 | ||
|---|---|---|---|
| 001 | UCT6910 | ||
| 003 | CL-VaPUC | ||
| 008 | 970113e19600000CL |||||||||||||||||spa|d | ||
| 082 | 0 | 4 | |a 320.98 |b CEN |2 21 |
| 110 | 2 | |a Centro de Investigaciones y Acción Social |e author |9 377297 | |
| 245 | 1 | 0 | |a Ensayo de tipología política de América Latina |
| 300 | |a 46 p | ||
| 942 | |c BK | ||
| 945 | |d 19970113 00:00:00 |a paguirre | ||
| 260 | |a Santiago |b Centro de Investigaciones y Acción Social |c 1960 | ||
| 650 | 0 | |a Política |9 255312 | |
| 650 | 7 | |a SISTEMAS POLITICOS |2 CL-VaPUC |9 377298 | |
| 650 | 0 | |a Ciencias Políticas |9 255201 | |
| 650 | 7 | |a REVOLUCIONES POLITICAS |2 CL-VaPUC |9 377299 | |
| 650 | 0 | |a Partidos políticos |9 254999 | |
| 651 | 0 | |a América Latina |9 255027 | |
| 583 | |a last modification |c 19970113 00:00:00 |k Rodrigo Vera | ||
| 999 | |c 255579 |d 255577 | ||
| 952 | |0 0 |1 0 |4 0 |6 320_980000000000000_CEN_1960 |7 0 |8 P |9 277885 |a BIBDER |b BIBDER |d 2019-11-19 |i 1804154 |o 320.98 CEN 1960 |p 1804154 |r 2023-01-25 |w 2019-11-19 |y BK |k DER | ||